00497nam a2200109 a 450000100100000000500170001000800410002704000250006824502160009326000570030930000210036600003231920200930065559.0110714s1929 dr 000 0 spa d aDO-SdBNPbspacBNPHU00aMemoria correspondiente al año 1927, que al ciudadano presidente de la república presenta al presidente de la República presenta al señor M. Martín de Moya, secretario de Estado de Hacienda y Comercio. aSanto Domingo :bImp. de J. R. Vda. García,c1929. a204 p. ;c30 cm.